00362nam a22001217a 4500020001500000082001500015100002000030245009600050250000600146260002700152300000900179650005200188 a0582442478 a546.65 VOG aVogel Arthur.I  aA Text Book of Quantitative Inorganic Analiysis including Elementary Instrumental Analysis a3 aLondonbLongmansc1961 a1216 achemistryaQuantitativeaInstrumental analysis